Statistiques concernant Les 20 Acides Aminés ! [Biologie]

Cliquez ici pour prendre le quiz!

Statistiques générales

  • Ce quiz a été pris 1 805 fois
  • Le résultat moyen est 14 sur 20

Statistiques - réponses

Code 1 lettreCode 3 lettresNom entier% Correct
GGlyGlycine
92%
LLeuLeucine
83%
VValValine
83%
KLysLysine
81%
AAlaAlanine
78%
CCysCystéine
76%
SSerSérine
75%
YTyrTyrosine
73%
HHisHistidine
68%
RArgArginine
67%
QGlnGlutamine
66%
MMetMéthionine
66%
IIleIsoleucine
65%
PProProline
63%
PPhePhénylalanine
60%
DAspAcide Aspartique
59%
NAsnAsparagine
59%
TThrThréonine
59%
EGluAcide Glutaminique
58%
WTrpTryptophane
52%

Distribution des résultats

Percentile par nombre de réponses

% des personnes avec chaque résultat

Votre développement - résultats

Vous n’avez pas pris ce quiz